LEADER 01434nam--2200397---450- 001 990003071790203316 005 20100614123426.0 010 $a978-3-428-12390-2 035 $a000307179 035 $aUSA01000307179 035 $a(ALEPH)000307179USA01 035 $a000307179 100 $a20080228d2007----km-y0itay50------ba 101 $ager 102 $aDE 105 $a||||||||001yy 200 1 $a<> Asylgrundrecht bei staatlicher und frauenspezifischer Verfolgung$eMit Hinweisen zu § 60 Abs. 1 AufenthG und unter Berücksichtigung erlittener Traumatisierung$fvon Frank Moll 210 $aBerlin$cDuncker & Humblot$dcopyr. 2007 215 $a185 p.$d23 cm 225 2 $aSchriften zum Öffentlichen Recht$v1058 410 0$aSchriften zum Öffentlichen Recht$12001 606 0 $aAsilo $yGermania 676 $a342.43083 700 1$aMOLL,$bFrank$0600371 801 0$aIT$bsalbc$gISBD 912 $a990003071790203316 951 $aXXIV.1.COLL. 1/ 355 (COLL AVO 1058)$b56769 G.$cXXIV.1.COLL. 1/ 355 (COLL AVO)$d00210529 959 $aBK 969 $aGIU 979 $aGIUSY$b90$c20080228$lUSA01$h0919 979 $aGIUSY$b90$c20080228$lUSA01$h0926 979 $aGIUSY$b90$c20080228$lUSA01$h0946 979 $aRSIAV2$b90$c20100614$lUSA01$h1234 979 $aCHIARA$b90$c20120517$lUSA01$h0928 996 $aAsylgrundrecht bei staatlicher und frauenspezifischer Verfolgung$91022950 997 $aUNISA LEADER 01067nam--2200361---450- 001 990006130490203316 005 20160229132342.0 010 $a88-8183-276-X 010 $a978-88-8183-278-1 035 $a000613049 035 $aUSA01000613049 035 $a(ALEPH)000613049USA01 035 $a000613049 100 $a20160229d1996----km-y0itay50------ba 101 $aita 102 $aIT 105 $aa---||||001yy 200 1 $a<> alberghi storici di Roma$edalle locande medievali agli hotel di via Veneto$fArmando Ravaglioli 210 $aRoma$cTascabili economici Newton$d1996 215 $a61 p.$cill.$d21 cm 225 2 $aRoma tascabile$v46 410 0$12001$aRoma tascabile$v46 606 0 $aAlberghi$yRoma 676 $a910.46 700 1$aRAVAGLIOLI,$bArmando$0242360 801 0$aIT$bsalbc$gISBD 912 $a990006130490203316 951 $aXV.9.Misc. 105$b4088 MAR$cXV.9.Misc.$d387090 959 $aBK 969 $aMAR 979 $aIANNONE$b90$c20160229$lUSA01$h1323 996 $aAlberghi storici di Roma$91385320 997 $aUNISA